000 01688nam a22002417a 4500
999 _c59942
_d59942
003 Ge_BSU
005 20230519170124.0
008 230519s20112012ge ||||| |||| 00| 0 geo d
020 _a1987-9563
041 _ageo
080 _a930.2(479.22) ქ-27
245 _aქართული წყაროთმცოდნეობა = Georgian Source-Studies :
_bტ. 13-15
_cრედაქტორები გიული ალასანია და მარიამ ჩხარტიშვილი; საქართველოს სსრ მეცნიერებათა აკადემია. ისტორიის, არქეოლოგიისა და ეთნოგრაფიის ინსტიტუტი ივანე ჯავახიშვილის სახელობის.
264 _aთბილისი:
_bუნივერსალი,
_c2011/2012.
300 _a304 გვ. ;
_b29 სმ.
500 _aტექსტები ინგლ. ენაზე
653 _aისტორია
653 _aარქეოლოგია
653 _aეთნოლოგია
700 _aალასანია, გიული
_eრედაქტორი
_913521
700 _aჩხარტიშვილი, მარიამ
_913522
710 _aსაქართველოს სსრ მეცნიერებათა აკადემია.
_bისტორიის, არქეოლოგიისა და ეთნოგრაფიის ინსტიტუტი ივანე ჯავახიშვილის სახელობის.
_918151
942 _2udc
_cBK